000 00555nam a22001817a 4500
999 _c187133
_d187133
005 20220401151354.0
010 _aENG-132209
020 _a9788171395224
_c950.00
035 _aEN-115741
037 _bDBAD/PUB
082 _a294.5563
100 _aTrivedi, Tanuja
245 _aDayanand Saraswati: His Life and Ideas/
_cTanuja Trivedi
260 _aNew Delhi
_bJnanada Prakashan
_c2019
270 _a4837/2, 24, Ansari Road, Daryaganj
_e110002
_bNew Delhi
300 _av, 300p.
_bIndex
_c22cm(hbk)
942 _2ddc
_cEN
_mTRI
_h294.5563